000 00582nam a2200205Ia 4500
005 20250923150103.0
008 008 250917s9999 xx 000 0 eng d
037 _aTextual
040 _aDSWL
_beng
_cDSWL
041 _aeng
_2eng
084 _aYX,b, POO
_qDSWL
100 _aTrevithick, Pamela
_9842070
245 0 _aSocial work skills: A practical handbook
_c by Pamela Trevithick
260 _aBuckingham
_b University Press USA
_c2000
300 _a216p.
365 _aINR
_b850
925 _g850
942 _cTEXL
_hYX,b, POO
999 _c1459394
_d1459394